Every 2-Letter Scrabble Word - Statistics

General Stats
  • This quiz has been taken 41 times
  • The average score is 64 of 107
Answer Stats
2-Letter Word % Correct
An
90%
As
90%
At
87%
Al
84%
Be
84%
Bo
84%
Do
84%
Go
84%
Me
81%
No
81%
To
81%
Ai
77%
Am
77%
Aw
77%
Ay
77%
It
77%
So
77%
Ad
74%
He
74%
Is
74%
Lo
74%
Ab
71%
Ah
71%
Ar
71%
Ax
71%
Ba
71%
De
71%
Ho
71%
In
71%
On
71%
Or
71%
Er
68%
Ha
68%
Hi
68%
La
68%
Ta
68%
Ti
68%
Aa
65%
Fa
65%
Ma
65%
Mo
65%
Ne
65%
Oh
65%
Pi
65%
Re
65%
Si
65%
We
65%
Ae
61%
Ag
61%
Bi
61%
Da
61%
Fe
61%
Li
61%
Na
61%
Of
61%
Et
58%
If
58%
Mu
58%
Nu
58%
Pa
58%
Te
58%
Up
58%
By
55%
Eh
55%
El
55%
En
55%
Es
55%
Id
55%
My
55%
Pe
55%
Po
55%
Wo
55%
Yo
55%
Ef
52%
Em
52%
Gi
52%
Jo
52%
Ka
52%
Oi
52%
Ex
48%
Mi
48%
Od
48%
Om
48%
Op
48%
Os
48%
Us
48%
Ya
48%
Ye
48%
Ok
45%
Ox
45%
Oy
45%
Qi
45%
Ew
42%
Ki
42%
Ow
42%
Un
42%
Ut
42%
Ed
39%
Oe
39%
Um
39%
Za
39%
Xi
35%
Uh
29%
Xu
26%
Hm
23%
Mm
16%
Sh
13%
No matching quizzes found
Score Distribution
Percent of People with Each Score
Percentile by Number Answered
Your Score History
You have not taken this quiz